Bifurcation, symmetry and patterns / (Record no. 29394)
[ view plain ]
| 000 -LEADER | |
|---|---|
| fixed length control field | 00794 a2200229 4500 |
| 020 ## - INTERNATIONAL STANDARD BOOK NUMBER | |
| International Standard Book Number | 3764370203 |
| 020 ## - INTERNATIONAL STANDARD BOOK NUMBER | |
| International Standard Book Number | 9783764370206 |
| 082 04 - DEWEY DECIMAL CLASSIFICATION NUMBER | |
| Classification number | 515.35 |
| 090 ## - LOCALLY ASSIGNED LC-TYPE CALL NUMBER (OCLC); LOCAL CALL NUMBER (RLIN) | |
| -- | 768 |
| -- | 768 |
| 100 ## - MAIN ENTRY--PERSONAL NAME | |
| Personal name | Buescu, Jorge |
| 245 10 - TITLE STATEMENT | |
| Title | Bifurcation, symmetry and patterns / |
| Statement of responsibility, etc. | Jorge Buescu, Paulo M.S.T. de Castro, Ana Paula Dias, Isabel S. Labouriau. |
| 260 ## - PUBLICATION, DISTRIBUTION, ETC. | |
| Place of publication, distribution, etc. | [S.l.] : |
| Name of publisher, distributor, etc. | Birkh�user Basel, |
| Date of publication, distribution, etc. | 2003. |
| 300 ## - PHYSICAL DESCRIPTION | |
| Extent | 224 p. ; |
| Dimensions | 24 cm. |
| 490 1# - SERIES STATEMENT | |
| Series statement | Trends in mathematics. |
| 700 1# - ADDED ENTRY--PERSONAL NAME | |
| Personal name | Buescu, Jorge. |
| 700 1# - ADDED ENTRY--PERSONAL NAME | |
| Personal name | Castro, Paulo M.S.T. de. |
| 700 1# - ADDED ENTRY--PERSONAL NAME | |
| Personal name | Dias, Ana Paula. |
| 700 1# - ADDED ENTRY--PERSONAL NAME | |
| Personal name | Labouriau, Isabel S. |
| 830 #0 - SERIES ADDED ENTRY--UNIFORM TITLE | |
| Uniform title | Trends in mathematics. |
| 942 ## - ADDED ENTRY ELEMENTS (KOHA) | |
| Institution code [OBSOLETE] | SNS |
| Koha item type | Book |
| Call number prefix | 515.35 BUE |
| Withdrawn status | Lost status | Damaged status | Not for loan | Permanent Location | Current Location | Date acquired | Total Checkouts | Full call number | Barcode | Date last seen | Price effective from | Koha item type |
|---|---|---|---|---|---|---|---|---|---|---|---|---|
| School of Natural Sciences (SNS) | School of Natural Sciences (SNS) | 05/26/2016 | 515.35 BUE | SNS0000934 | 06/14/2021 | 05/26/2016 | Book |
